[Event "Philadelphia op"]
[Site "Philadelphia"]
[Date "2011.04.22"]
[Round "4"]
[White "Viswanadha, Kesav"]
[Black "Weiss, Allen J"]
[Result "0-1"]
[WhiteElo "1873"]
[BlackElo "2183"]
[PlyCount "86"]
[EventDate "2011.04.20"]
[EventType "swiss"]
[EventRounds "9"]
[EventCountry "USA"]
[SourceTitle "CBM 141 Extra"]
[Source "ChessBase"]
[SourceDate "2011.05.03"]
[SourceVersion "1"]
[SourceVersionDate "2011.05.03"]
[SourceQuality "1"]

1. e4 c5 2. c3 Nf6 3. e5 Nd5 4. d4 cxd4 5. Nf3 d6 6. exd6 e6 7. Nxd4 Bxd6 8. Bd3 a6 9. 0-0 0-0 10. Bc2 Bf4 11. Qd3 g6 12. Bd2 e5 13. Nf3 Bf5 14. Qe2 Bxc2 15. Bxf4 Nxf4 16. Qxc2 Nc6 17. Na3 Qd3 18. Rad1 Qxc2 19. Nxc2 Rad8 20. g3 Nd3 21. b3 Rd7 22. Rd2 Rc8 23. Nfe1 Rcd8 24. Nxd3 Rxd3 25. Rxd3 Rxd3 26. c4 Rd2 27. Rc1 e4 28. a3 Ne5 29. Ne3 Rxf2 30. Kxf2 Nd3+ 31. Kf1 Nxc1 32. b4 f5 33. Ke1 Kf7 34. Kd2 Nd3 35. Ng2 Ne5 36. Kc3 Nf3 37. h4 Kf6 38. a4 h6 39. a5 g5 40. hxg5+ hxg5 41. b5 Ke5 42. c5 Nd4 43. b6 Nc6 0-1

[Event "Philadelphia op"]
[Site "Philadelphia"]
[Date "2011.04.22"]
[Round "5"]
[White "Weiss, Allen J"]
[Black "Bryant, John Daniel"]
[Result "1/2-1/2"]
[WhiteElo "2183"]
[BlackElo "2418"]
[PlyCount "144"]
[EventDate "2011.04.20"]
[EventType "swiss"]
[EventRounds "9"]
[EventCountry "USA"]
[SourceTitle "CBM 141 Extra"]
[Source "ChessBase"]
[SourceDate "2011.05.03"]
[SourceVersion "1"]
[SourceVersionDate "2011.05.03"]
[SourceQuality "1"]

1. d4 c5 2. d5 e6 3. c4 exd5 4. cxd5 d6 5. Nf3 g6 6. Nc3 Nf6 7. Bf4 a6 8. Nd2 b5 9. a4 b4 10. Nce4 Nxe4 11. Nxe4 f5 12. Ng5 Bg7 13. Rb1 h6 14. Ne6 Bxe6 15. dxe6 d5 16. g3 Nc6 17. Bg2 Ne7 18. h4 Qb6 19. 0-0 0-0 20. a5 Qxe6 21. Qc1 Rac8 22. Bxh6 c4 23. Rd1 Rc5 24. Bxg7 Kxg7 25. Qd2 Rb5 26. Qd4+ Qf6 27. Qa7 Rf7 28. Qa8 Qd6 29. Rbc1 f4 30. g4 Qc5 31. Qxa6 Rf6 32. Qa8 Rf8 33. Qa6 Rf6 34. Qa8 Rf8 35. Qa6 Rxa5 36. Qe6 Rf6 37. Qe5 Qd6 38. Qg5 Rc5 39. Rd4 Rf8 40. Rcd1 c3 41. bxc3 bxc3 42. Rc1 c2 43. Be4 Nc6 44. Rxd5 Rxd5 45. Qxd5 Qxd5 46. Bxd5 Nd4 47. Kg2 Rc8 48. Be4 Rc3 49. g5 Rb3 50. Rxc2 Nxc2 51. Bxc2 Ra3 52. Bd3 Ra8 53. Kf3 Rf8 54. Be4 Rf7 55. Kg4 Rf8 56. h5 gxh5+ 57. Kxh5 Re8 58. Bd3 Rb8 59. Kg4 Rb4 60. Kf3 Ra4 61. Be4 Ra2 62. Kxf4 Rxe2 63. Kf3 Ra2 64. Kg3 Ra3+ 65. Kg4 Ra4 66. f3 Rb4 67. Kf5 Rb5+ 68. Kf4 Rb4 69. Kf5 Rb5+ 70. Kf4 Rb4 71. Ke3 Rb3+ 72. Kd4 Rxf3 1/2-1/2

[Event "North American op 20th"]
[Site "Las Vegas"]
[Date "2010.12.27"]
[Round "2"]
[White "Weiss, Allen J"]
[Black "Wang, Philip Xiao"]
[Result "1/2-1/2"]
[WhiteElo "2155"]
[BlackElo "2317"]
[PlyCount "110"]
[EventDate "2010.12.26"]
[EventType "swiss"]
[EventRounds "7"]
[EventCountry "USA"]
[SourceTitle "CBM 140 Extra"]
[Source "ChessBase"]
[SourceDate "2011.03.01"]
[SourceVersion "1"]
[SourceVersionDate "2011.03.01"]
[SourceQuality "1"]

1. d4 f5 2. g3 Nf6 3. Bg2 g6 4. c4 Bg7 5. Nh3 d6 6. d5 Na6 7. Nf4 e5 8. dxe6 c6 9. Nc3 Nc5 10. Be3 Nxe6 11. Qd2 Ng4 12. Nxe6 Bxe6 13. Bd4 Ne5 14. b3 Qe7 15. f4 c5 16. Bg1 Nc6 17. Rd1 0-0 18. Bf2 Rad8 19. 0-0 Kh8 20. Rfe1 Rfe8 21. Nb5 Bf8 22. e4 fxe4 23. Rxe4 Qf7 24. Rde1 a6 25. Nc7 Qxc7 26. Rxe6 Rxe6 27. Rxe6 Bg7 28. Qe1 Qd7 29. Kf1 Rf8 30. Bd5 g5 31. Qe4 Bf6 32. Bxc6 bxc6 33. f5 d5 34. Qf3 Be7 35. Qe2 Rf7 36. Qe5+ Kg8 37. g4 dxc4 38. f6 Qd1+ 39. Kg2 Qxg4+ 40. Bg3 Bf8 41. h3 Qd4 42. Qxg5+ Kh8 43. bxc4 Qxc4 44. Re8 Qxa2+ 45. Bf2 Qd5+ 46. Qxd5 cxd5 47. Bxc5 Kg8 48. Be7 a5 49. Kf3 a4 50. Kf4 a3 51. Bxa3 Rxf6+ 52. Ke5 Kg7 53. Rxf8 Rxf8 54. Bxf8+ Kxf8 55. Kxd5 Kf7 1/2-1/2